Statistiche per Stati e Iniziali delle Capitali - Quiz n°16

Clicka qui per fare il quiz!

Statistiche generali

  • Questo quiz è stato fatto 7 volte
  • Il punteggio medio è 6 su 10

Statistiche sulle risposte

HintRisposta% Corretto
FranciaP
100%
PanamaP
100%
LibanoB
83%
Città del VaticanoC
83%
Macedonia del NordS
83%
FilippineM
67%
Timor EstD
33%
TogoL
33%
ZambiaL
17%
LesothoM
0%

Distribuzione punteggi

Percentile per numero di risposta

Percentuale di utenti per punteggio

I tuoi punteggi nel tempo

Non hai fatto questo quiz